[Event "Hameenlinna HamSK op"]
[Site "Hameenlinna"]
[Date "2019.06.29"]
[Round "1"]
[White "Reed, Darren"]
[Black "Paakkonen, Timo"]
[Result "0-1"]
[WhiteElo "1946"]
[BlackElo "2252"]
[PlyCount "68"]
[EventDate "2019.06.29"]
[EventType "swiss"]
[EventRounds "5"]
[EventCountry "FIN"]
[SourceTitle "EXT 2021"]
[Source "ChessBase"]
[SourceDate "2020.10.23"]
[SourceVersion "1"]
[SourceVersionDate "2020.10.23"]
[SourceQuality "1"]

1. e4 c5 2. Nc3 Nc6 3. f4 g6 4. Nf3 Bg7 5. Bb5 Nd4 6. 0-0 Nxb5 7. Nxb5 Nf6 8. e5 Nd5 9. d4 cxd4 10. Qxd4 Nc7 11. Nxa7 Ne6 12. Qf2 0-0 13. Be3 d6 14. Nxc8 Qxc8 15. Qe2 Ra4 16. g3 dxe5 17. fxe5 Qc6 18. c3 Re4 19. Nd4 Qd5 20. Nxe6 Qxe6 21. Qf3 Rxe5 22. Bd4 Re2 23. Bxg7 Kxg7 24. Rf2 Re4 25. Rd1 Ra8 26. a3 Ra5 27. Rdf1 f6 28. Qd3 Rd5 29. Qc2 Rde5 30. Qd3 h5 31. Qd8 h4 32. Qc7 hxg3 33. Rxf6 Qh3 34. Rf7+ Kh6 0-1

[Event "Naantali op"]
[Site "Naantali"]
[Date "2015.06.30"]
[Round "3"]
[White "Ailasmaa, Kimmo"]
[Black "Reed, Darren"]
[Result "0-1"]
[WhiteElo "1812"]
[BlackElo "1981"]
[PlyCount "48"]
[EventDate "2015.06.29"]
[EventType "swiss"]
[EventRounds "9"]
[EventCountry "FIN"]
[SourceTitle "EXT 2016"]
[Source "ChessBase"]
[SourceDate "2015.10.08"]
[SourceVersion "1"]
[SourceVersionDate "2015.10.08"]
[SourceQuality "1"]

1. d4 Nf6 2. Nc3 g6 3. e4 d6 4. f4 Bg7 5. Nf3 0-0 6. Bd3 Na6 7. 0-0 c5 8. d5 Bg4 9. h3 Bxf3 10. Qxf3 Nb4 11. Be3 c4 12. a3 cxd3 13. axb4 dxc2 14. Rfc1 a5 15. b5 Nd7 16. Rxc2 Rc8 17. Qf2 Nc5 18. b6 Qxb6 19. Na4 Qb4 20. Nxc5 dxc5 21. Rxc5 Rxc5 22. Bxc5 Qxe4 23. d6 exd6 24. Bxd6 Bd4 0-1

[Event "FIN-chT1A 1415"]
[Site "Finland"]
[Date "2015.03.14"]
[Round "7.7"]
[White "Reed, Darren"]
[Black "Perho, Aki"]
[Result "0-1"]
[WhiteElo "2028"]
[BlackElo "1894"]
[PlyCount "57"]
[EventDate "2014.09.27"]
[EventType "team-tourn"]
[EventRounds "7"]
[EventCountry "FIN"]
[SourceTitle "EXT 2017"]
[Source "ChessBase"]
[SourceDate "2016.10.25"]
[SourceVersion "1"]
[SourceVersionDate "2016.10.25"]
[SourceQuality "1"]
[WhiteTeam "Tampere Tammer II"]
[BlackTeam "Pori PSY"]
[WhiteTeamCountry "FIN"]
[BlackTeamCountry "FIN"]

1. Nf3 Nf6 2. d4 e6 3. e3 b6 4. Bd3 Bb7 5. Nbd2 d5 6. 0-0 Bd6 7. Ne5 Nbd7 8. f4 0-0 9. Qf3 c5 10. c3 cxd4 11. exd4 g6 12. Qe2 Qe7 13. Ndf3 Ne4 14. Nxd7 Qxd7 15. Ne5 Qe7 16. Qg4 f5 17. Qh3 a5 18. Rf3 Ba6 19. Qh6 Bxd3 20. Rxd3 Bxe5 21. fxe5 b5 22. Qh3 Rac8 23. Bh6 Rf7 24. Rdd1 b4 25. Rdc1 bxc3 26. bxc3 Qa3 27. Qd3 Rfc7 28. Qa6 Kf7 29. Rab1 0-1

[Event "Tampere We Taraus"]
[Site "Tampere"]
[Date "2014.08.17"]
[Round "4"]
[White "Mantyniemi, Jaakko"]
[Black "Reed, Darren"]
[Result "1-0"]
[WhiteElo "1949"]
[BlackElo "1961"]
[PlyCount "73"]
[EventDate "2014.08.16"]
[EventType "swiss"]
[EventRounds "5"]
[EventCountry "FIN"]
[SourceTitle "EXT 2022"]
[Source "ChessBase"]
[SourceDate "2021.10.06"]
[SourceVersion "1"]
[SourceVersionDate "2021.10.06"]
[SourceQuality "1"]

1. e4 d5 2. e5 c5 3. f4 Bf5 4. Nf3 a6 5. c3 Nc6 6. a3 e6 7. d4 cxd4 8. cxd4 Qb6 9. Bd3 Nge7 10. Nc3 Bxd3 11. Qxd3 Nf5 12. Ne2 Be7 13. 0-0 h5 14. Bd2 h4 15. Bc3 g6 16. b4 Kf8 17. Nd2 g5 18. fxg5 Nxe5 19. Qh3 Bxg5 20. Rxf5 exf5 21. Qxf5 Be3+ 22. Kh1 Nc4 23. Nxc4 dxc4 24. Rf1 f6 25. d5 Rh6 26. Nf4 Bxf4 27. Qxf4 Kg7 28. d6 Rf8 29. Re1 h3 30. Re7+ Rf7 31. Rxf7+ Kxf7 32. Qxh6 hxg2+ 33. Kxg2 Qc6+ 34. Kf2 Qxd6 35. Qh7+ Kf8 36. Qh4 Qb6+ 37. Qd4 1-0

[Event "Naantali op"]
[Site "Naantali"]
[Date "2012.07.03"]
[Round "2"]
[White "Reed, Darren"]
[Black "Lehto, Antti"]
[Result "1/2-1/2"]
[WhiteElo "2026"]
[BlackElo "2132"]
[PlyCount "91"]
[EventDate "2012.07.02"]
[EventType "swiss"]
[EventRounds "9"]
[EventCountry "FIN"]
[SourceTitle "CBM 149 Extra"]
[Source "ChessBase"]
[SourceDate "2012.08.24"]
[SourceVersion "1"]
[SourceVersionDate "2012.08.24"]
[SourceQuality "1"]

1. e4 c5 2. c3 Nf6 3. e5 Nd5 4. d4 cxd4 5. Nf3 e6 6. Bc4 Nb6 7. Bb3 Nc6 8. cxd4 d6 9. Qe2 Be7 10. Nc3 d5 11. 0-0 Bd7 12. Be3 a6 13. Rac1 Rc8 14. h3 Na5 15. Bc2 Nbc4 16. Bb1 Qb6 17. b3 Na3 18. Na4 Qd8 19. Rxc8 Qxc8 20. Nb6 Qd8 21. Nxd7 Qxd7 22. Bd3 Nc6 23. Qb2 Qd8 24. Rc1 Kd7 25. b4 Nb5 26. Bxb5 axb5 27. a3 Qb6 28. Nd2 Ra8 29. Nb3 Qa7 30. Nc5+ Bxc5 31. Rxc5 Qxa3 32. Qe2 Ke8 33. Qxb5 Qxb4 34. Qxb4 Nxb4 35. Rb5 Nc6 36. Rxb7 Ra4 37. Rb1 h6 38. Rd1 Kf8 39. Kf1 Kg8 40. Ke2 Na5 41. g4 Nc4 42. h4 Kh7 43. h5 Ra2+ 44. Kf3 Rb2 45. Ra1 Rb7 46. Ra8 1/2-1/2

[Event "FIN-ch op"]
[Site "Mantta"]
[Date "2011.07.31"]
[Round "9"]
[White "Mantyniemi, Jaakko"]
[Black "Reed, Darren"]
[Result "1/2-1/2"]
[WhiteElo "1912"]
[BlackElo "2024"]
[PlyCount "135"]
[EventDate "2011.07.25"]
[EventType "swiss"]
[EventRounds "9"]
[EventCountry "FIN"]
[SourceTitle "EXT 2022"]
[Source "ChessBase"]
[SourceDate "2021.10.06"]
[SourceVersion "1"]
[SourceVersionDate "2021.10.06"]
[SourceQuality "1"]

1. e4 g6 2. d4 Bg7 3. Nf3 d6 4. Bd3 Bg4 5. Be3 c5 6. c3 cxd4 7. Bxd4 Bxd4 8. Bb5+ Nc6 9. Qxd4 Nf6 10. Nbd2 Bd7 11. Qd3 a6 12. Ba4 b5 13. Bb3 0-0 14. h4 Na5 15. Bc2 d5 16. Qe3 dxe4 17. Ng5 Ng4 18. Qg3 e3 19. fxe3 Qb6 20. Ke2 h5 21. Rhf1 Nc4 22. Nxc4 bxc4 23. Rab1 e5 24. Be4 Rad8 25. b3 Qa5 26. Rfd1 cxb3 27. c4 bxa2 28. Ra1 Ba4 29. Rd5 Rxd5 30. Bxd5 Bb3 31. e4 Qa3 32. Qc3 Bd1+ 33. Kd2 Qc5 34. Rxd1 Qf2+ 35. Kc1 Rb8 36. Qa1 Rb1+ 37. Qxb1 axb1Q+ 38. Kxb1 Qb6+ 39. Kc1 Qe3+ 40. Kc2 Qf2+ 41. Kb3 Nh6 42. Rd3 Qb6+ 43. Kc2 Kg7 44. Rb3 Qf2+ 45. Kc3 Qe1+ 46. Kb2 Qxh4 47. Nxf7 Nxf7 48. Rb7 Qf2+ 49. Kb3 g5 50. Kb4 Qb2+ 51. Ka5 Qa3+ 52. Kb6 Qd6+ 53. Ka7 a5 54. Rxf7+ Kh6 55. Rb7 Qc5+ 56. Rb6+ Kg7 57. Ka6 a4 58. Rb5 Qd6+ 59. Ka7 Kf8 60. c5 Qc7+ 61. Ka8 h4 62. Rb8+ Ke7 63. Rb7 Kd8 64. Rb8+ Kd7 65. Rb7 a3 66. Be6+ Kc6 67. Bd5+ Kd7 68. Be6+ 1/2-1/2

[Event "FIN-ch op"]
[Site "Mantta"]
[Date "2011.07.25"]
[Round "1"]
[White "Kokkila, Tero"]
[Black "Reed, Darren"]
[Result "1-0"]
[WhiteElo "2326"]
[BlackElo "2024"]
[PlyCount "53"]
[EventDate "2011.07.25"]
[EventType "swiss"]
[EventRounds "9"]
[EventCountry "FIN"]
[SourceTitle "EXT 2022"]
[Source "ChessBase"]
[SourceDate "2021.10.06"]
[SourceVersion "1"]
[SourceVersionDate "2021.10.06"]
[SourceQuality "1"]

1. e4 d6 2. d4 Nf6 3. Nc3 g6 4. f4 Bg7 5. Nf3 0-0 6. Be3 Na6 7. Qd2 c5 8. 0-0-0 cxd4 9. Bxd4 Qa5 10. Kb1 Re8 11. Bb5 Nxe4 12. Nxe4 Qxb5 13. Bxg7 Kxg7 14. Rhe1 Bg4 15. Qd4+ Kg8 16. Rd3 Nc5 17. Nc3 Qc6 18. Rde3 Ne6 19. Qd2 Bxf3 20. Rxf3 Nc7 21. f5 Kg7 22. Rh3 e5 23. Qg5 d5 24. Qh6+ Kf6 25. Qh4+ Kxf5 26. Rf3+ Ke6 27. Rf6+ 1-0

[Event "Tampere We TammerSh 2nd"]
[Site "Tampere"]
[Date "2009.??.??"]
[Round "6"]
[White "Reed, Darren"]
[Black "Kytoniemi, Jyrki"]
[Result "0-1"]
[WhiteElo "2061"]
[BlackElo "2258"]
[PlyCount "84"]
[EventDate "2009.??.??"]
[EventType "swiss"]
[EventRounds "6"]
[EventCountry "FIN"]
[SourceTitle "EXT 2011"]
[Source "ChessBase"]
[SourceDate "2010.11.26"]
[SourceVersion "1"]
[SourceVersionDate "2010.11.26"]
[SourceQuality "1"]

1. e4 b6 2. d4 Bb7 3. Bd3 e6 4. Nf3 c5 5. c3 Nf6 6. Nbd2 d5 7. e5 Nfd7 8. Qe2 Be7 9. 0-0 Nc6 10. Re1 c4 11. Bb1 b5 12. Nf1 Nb6 13. Ng3 h5 14. h3 Kd7 15. Qe3 g6 16. Ng5 Bxg5 17. Qxg5 Qxg5 18. Bxg5 b4 19. Bc2 a5 20. Bd2 Ba6 21. Nf1 Bb5 22. Nh2 Ba4 23. b3 Bb5 24. Nf3 bxc3 25. Bxc3 Nb4 26. Rec1 Nxc2 27. Rxc2 a4 28. Nd2 axb3 29. axb3 Rxa1+ 30. Bxa1 Ra8 31. Bc3 Ra3 32. bxc4 dxc4 33. Ne4 Kc6 34. Nd6 Nd5 35. Bd2 c3 36. Bg5 Ra1+ 37. Kh2 Bd3 38. Rc1 Rxc1 39. Bxc1 f6 40. Ne8 fxe5 41. dxe5 c2 42. Ng7 Kd7 0-1

[Event "Heart of Finland op 18th"]
[Site "Jyvaskyla"]
[Date "2008.07.18"]
[Round "9"]
[White "Tuominen, Joona"]
[Black "Reed, Darren"]
[Result "1/2-1/2"]
[WhiteElo "1790"]
[BlackElo "2089"]
[PlyCount "75"]
[EventDate "2008.07.12"]
[EventType "swiss"]
[EventRounds "9"]
[EventCountry "FIN"]
[SourceTitle "CBM 125 Extra"]
[Source "ChessBase"]
[SourceDate "2008.09.01"]
[SourceVersion "1"]
[SourceVersionDate "2008.09.01"]
[SourceQuality "1"]

1. Nf3 b5 2. e4 Bb7 3. Qe2 a6 4. d4 d6 5. Bf4 Nd7 6. a4 bxa4 7. Rxa4 e6 8. Nbd2 Ne7 9. g3 Ng6 10. Be3 Be7 11. c4 0-0 12. Bg2 f5 13. exf5 exf5 14. d5 Bf6 15. 0-0 Qe7 16. Qd3 f4 17. Bd4 Nge5 18. Bxe5 Bxe5 19. Ne4 fxg3 20. hxg3 Bf6 21. b4 Ne5 22. Nxe5 Qxe5 23. Nxf6+ Rxf6 24. c5 Raf8 25. c6 Bc8 26. b5 axb5 27. Qxb5 Rh6 28. Re4 Qf6 29. Qe2 Bf5 30. Re8 Rxe8 31. Qxe8+ Qf8 32. Qxf8+ Kxf8 33. Ra1 Rf6 34. f4 Bg4 35. Ra8+ Ke7 36. Ra7 Kd8 37. Ra8+ Ke7 38. Ra7 1/2-1/2

[Event "Heart of Finland op 18th"]
[Site "Jyvaskyla"]
[Date "2008.07.13"]
[Round "3"]
[White "Reed, Darren"]
[Black "Jarvinen, Seppo"]
[Result "1-0"]
[WhiteElo "2089"]
[BlackElo "1891"]
[PlyCount "49"]
[EventDate "2008.07.12"]
[EventType "swiss"]
[EventRounds "9"]
[EventCountry "FIN"]
[SourceTitle "CBM 125 Extra"]
[Source "ChessBase"]
[SourceDate "2008.09.01"]
[SourceVersion "1"]
[SourceVersionDate "2008.09.01"]
[SourceQuality "1"]

1. e4 d6 2. d4 g6 3. Nc3 Bg7 4. Be3 b6 5. Nf3 Nf6 6. Qd2 c5 7. Bh6 0-0 8. 0-0-0 Ba6 9. h4 Bxf1 10. Rdxf1 Nc6 11. Bxg7 Kxg7 12. d5 Ne5 13. Nxe5 dxe5 14. h5 Rh8 15. Qg5 h6 16. Qxe5 Qd6 17. Qxd6 exd6 18. hxg6 fxg6 19. f3 a6 20. Ne2 Rhe8 21. Nf4 Re7 22. Rh3 Kf7 23. Rfh1 Ng8 24. Rg3 g5 25. Nh3 1-0

[Event "FIN-ch op"]
[Site "Naantali"]
[Date "2008.07.??"]
[Round "6"]
[White "Reed, Darren"]
[Black "Laato, Samuli"]
[Result "0-1"]
[WhiteElo "2089"]
[BlackElo "2035"]
[PlyCount "142"]
[EventDate "2008.07.??"]
[EventType "swiss"]
[EventRounds "9"]
[EventCountry "FIN"]
[SourceTitle "EXT 2010"]
[Source "ChessBase"]
[SourceDate "2010.11.25"]
[SourceVersion "1"]
[SourceVersionDate "2010.11.25"]
[SourceQuality "1"]

1. e4 c5 2. d4 Nf6 3. e5 Nd5 4. c4 Nc7 5. d5 d6 6. exd6 exd6 7. Bd3 Be7 8. h3 Nd7 9. Nf3 b5 10. cxb5 Bb7 11. Nc3 Nxd5 12. 0-0 N5f6 13. Bf4 0-0 14. Re1 d5 15. a4 Rc8 16. Rc1 Re8 17. b3 Nf8 18. Bf5 Ra8 19. g4 d4 20. Ne4 Nd5 21. Nd6 Nxf4 22. Nxe8 Qxe8 23. Rxc5 Nxh3+ 24. Kg2 Ng5 25. Rc7 Bxf3+ 26. Qxf3 Nxf3 27. Rexe7 Qd8 28. Kxf3 Ng6 29. Bxg6 hxg6 30. Rcd7 Qa5 31. Rxf7 Rf8 32. Rxf8+ Kxf8 33. Rxd4 Qc3+ 34. Ke4 Ke7 35. Rd3 Qc2 36. Ke3 g5 37. f3 Ke6 38. Kd4 Qf2+ 39. Kc4 Ke5 40. Rd5+ Ke6 41. Rd3 g6 42. a5 Ke5 43. Rd5+ Kf4 44. Rd3 Qa2 45. Kb4 Ke5 46. Rc3 Qd2 47. b6 axb6 48. axb6 Kd5 49. b7 Qd4+ 50. Rc4 Qb6+ 51. Kc3 Qxb7 52. Rd4+ Ke5 53. Re4+ Kf6 54. b4 Qd5 55. Kc2 Qd6 56. Rc4 Qg3 57. Rc3 Ke5 58. Kb3 Kd4 59. Rc4+ Kd5 60. Rc5+ Kd6 61. Rc3 Qf4 62. Ka4 Qd4 63. Kb3 Qd1+ 64. Kb2 Qa4 65. Rb3 Kd5 66. Kc3 Qa1+ 67. Rb2 Qc1+ 68. Kb3 Qd1+ 69. Ka3 Kc4 70. b5 Qa1+ 71. Ra2 Qc3+ 0-1

[Event "FIN-ch op"]
[Site "Naantali"]
[Date "2008.07.??"]
[Round "7"]
[White "Yrjola, Jouni"]
[Black "Reed, Darren"]
[Result "1-0"]
[WhiteElo "2364"]
[BlackElo "2089"]
[PlyCount "59"]
[EventDate "2008.07.??"]
[EventType "swiss"]
[EventRounds "9"]
[EventCountry "FIN"]
[SourceTitle "EXT 2010"]
[Source "ChessBase"]
[SourceDate "2010.11.25"]
[SourceVersion "1"]
[SourceVersionDate "2010.11.25"]
[SourceQuality "1"]

1. d4 Nf6 2. Nf3 g6 3. c4 c5 4. Nc3 cxd4 5. Nxd4 Nc6 6. e4 d6 7. Be2 Bg7 8. Be3 a6 9. 0-0 0-0 10. Nb3 Qc7 11. f3 Rb8 12. Rc1 b6 13. Qd2 Ne5 14. Nd4 Rd8 15. Nd5 Qb7 16. f4 Nxe4 17. Qc2 e6 18. fxe5 exd5 19. cxd5 Bf5 20. Nxf5 gxf5 21. Rxf5 Nc5 22. Rh5 Qxd5 23. Qxh7+ Kf8 24. Rg5 Ne6 25. Rxg7 Nxg7 26. Qh8+ Ke7 27. Qxg7 Rg8 28. Bg5+ Ke6 29. Qf6+ Kd7 30. Qe7# 1-0